000 00356nam a22001577a 4500
003 SGT
020 _a978-81-7910-320-6
082 _a646.7
_bPAT
100 _aPATIL, P.V.
245 _aQUALITY FOOD PREPARATION TECHNIQUES
250 _a1ST
260 _aINDIA
_bAAVISHKAR PUB.
_c2022
300 _a248
650 _aFOOD PREPARATION
942 _2ddc
_cBK
999 _c28560
_d28560